[Event "Chigorin Mem Open"]
[Site "St Petersburg RUS"]
[Date "2001.10.30"]
[Round "5"]
[White "Solovjov,S"]
[Black "Yagupov,I"]
[Result "0-1"]
[WhiteElo "2497"]
[BlackElo "2442"]

1.e4 c5 2.Nc3 Nc6 3.Nge2 e6 4.d4 cxd4 5.Nxd4 Qc7 6.Be3 a6 7.Qd2 Nf6 8.f3 Ne5
9.Bf4 Bb4 10.a3 Bxc3 11.Qxc3 Qxc3+ 12.bxc3 d6 13.O-O-O Ke7 14.c4 Nfd7 15.Nb3 b6
16.Be2 Nc5 17.Rd2 Na4 18.Be3 Bb7 19.f4 Nd7 20.Bf3 e5 21.Rf1 Rhd8 22.Rd3 Rac8
23.Bg4 Bxe4 24.fxe5 Bxd3 25.exd6+ Kxd6 26.cxd3 Ke7 27.Nd4 g6 28.Re1 Kf8 29.Bg5 Nac5
30.Kc2 Re8 31.Rb1 h5 32.Bf3 b5 33.Nc6 bxc4 34.dxc4 Ne4 35.Be7+ Rxe7 36.Nxe7 Rxc4+
37.Kd3 Ne5+ 38.Ke3 Nxf3 39.gxf3 Nf6 40.Rb7 Ra4 41.Nc6 Rxa3+ 42.Kf2 Ng8 43.Ra7 Nh6
44.Nb8 a5 45.Nd7+ Kg7 46.Ne5 a4 47.Kg3 Ra1 48.Nc4 Nf5+ 49.Kf4 Rd1 50.Ne5 Rd4+
51.Kg5 Nd6 52.f4 Rd2 53.Kh4 Rxh2+ 54.Kg3 Ra2 55.Kf3 Kf6 56.Ra6 Ke7 57.Nc6+ Ke6
58.Ne5 Kd5 59.Ra5+ Kd4 60.Ra6 Ra3+ 61.Kg2 Nf5 62.Nxf7 Ke4 63.Kf1 Nh4  0-1

[Event "Copa Clarin"]
[Site "Villa Martelli ARG"]
[Date "2001.10.31"]
[Round "6"]
[White "Zuriel,A"]
[Black "Filgueira,H"]
[Result "0-1"]
[WhiteElo "2224"]
[BlackElo "2384"]

1.e4 c5 2.Nf3 e6 3.d4 cxd4 4.Nxd4 Nc6 5.Nc3 Qc7 6.Be2 a6 7.O-O Nf6 8.Kh1 Nxd4
9.Qxd4 Bc5 10.Qd3 h5 11.f4 Ng4 12.e5 d6 13.Ne4 d5 14.Nxc5 Qxc5 15.Bxg4 hxg4
16.Qg3 Qxc2 17.Qxg4 Qg6 18.Qf3 Bd7 19.Be3 Rc8 20.Rac1 O-O 21.Bc5 Rfe8 22.Qe3 Bc6
23.Qd4 Bb5 24.Rfd1 Be2 25.Rd2 Bg4 26.Re1 Bf5 27.b4 b6 28.Bxb6 Rc4 29.Qf2 Rxb4
30.Be3 Reb8 31.h3 Be4 32.Kh2 Qh5 33.Rc1 Rc4 34.Rf1 Rbc8 35.g4 Qg6 36.f5 exf5
37.gxf5 Qh5 38.f6 Qxe5+ 39.Qf4 Qxf4+ 40.Rxf4 g6 41.Rff2 Rc3 42.Bh6 Bf5 43.Bg7 Rxh3+
44.Kg2 Rcc3 45.Rb2 Be4+ 46.Kf1 Rc8 47.Rfd2 g5 48.Kg1 g4  0-1

[Event "TCh-AUT 2001-2"]
[Site "Moerbisch AUT"]
[Date "2001.11.01"]
[Round "2"]
[White "Van der Wiel,J"]
[Black "Horvath,Jo"]
[Result "1/2-1/2"]
[WhiteElo "2495"]
[BlackElo "2551"]

1.e4 c5 2.Nf3 e6 3.d4 cxd4 4.Nxd4 Nc6 5.Nc3 Qc7 6.Be2 a6 7.O-O Nf6 8.Be3 Bb4
9.Na4 b5 10.Nb6 Rb8 11.Nxc8 Rxc8 12.a4 Nxd4 13.Bxd4 e5 14.c3 Be7 15.Be3 Rb8
16.axb5 axb5 17.Qd3 O-O 18.Ra7 Qc6 19.Rfa1 b4 20.c4 Ra8 21.f3  1/2-1/2

[Event "Copa Clarin"]
[Site "Villa Martelli ARG"]
[Date "2001.11.02"]
[Round "8"]
[White "Pierrot,F"]
[Black "Filgueira,H"]
[Result "1-0"]
[WhiteElo "2427"]
[BlackElo "2384"]

1.e4 c5 2.Nf3 e6 3.d4 cxd4 4.Nxd4 Nc6 5.Nc3 Qc7 6.Be3 a6 7.Be2 Nf6 8.O-O Bb4
9.Na4 b5 10.Nxc6 dxc6 11.Bc5 a5 12.a3 Bxc5 13.Nxc5 O-O 14.Qd4 e5 15.Qc3 Rd8
16.Rfd1 Bg4 17.f3 Be6 18.Nxe6 fxe6 19.Kh1 Ne8 20.a4 b4 21.Qc5 Kf7 22.Bc4 Rxd1+
23.Rxd1 Rd8 24.Rf1 g5 25.g3 Nf6 26.f4 gxf4 27.gxf4 exf4 28.Qf5  1-0

[Event "VI IM"]
[Site "Rijeka CRO"]
[Date "2001.11.05"]
[Round "1"]
[White "Burovic,I"]
[Black "Bistric,F"]
[Result "1/2-1/2"]
[WhiteElo "2373"]
[BlackElo "2446"]

1.e4 c5 2.Nc3 Nc6 3.Nf3 e6 4.d4 cxd4 5.Nxd4 Qc7 6.Be3 a6 7.Be2 Nf6 8.O-O Be7
9.a4 d6 10.f4 O-O 11.Kh1 Re8  1/2-1/2

[Event "EuTChw"]
[Site "Leon ESP"]
[Date "2001.11.06"]
[Round "1"]
[White "Dembo,Y"]
[Black "Ambrosi,E"]
[Result "1-0"]
[WhiteElo "2398"]
[BlackElo "2095"]

1.e4 c5 2.Nf3 e6 3.d4 cxd4 4.Nxd4 Nc6 5.Nc3 a6 6.Nxc6 bxc6 7.Bd3 e5 8.O-O Nf6
9.Qe2 Bc5 10.Na4 Ba7 11.c4 Qe7 12.Be3 c5 13.Rad1 d6 14.f3 O-O 15.Nc3 Rb8
16.b3 Bd7 17.Bb1 Rfd8 18.Qd3 Bc8 19.Bg5 Bb7 20.Nd5 Qe6 21.Bxf6 gxf6 22.f4 Kh8
23.Rf3 Bc8 24.f5 Qe8 25.Rh3 Qg8 26.Nxf6 Qg7 27.Rxh7+ Qxh7 28.Nxh7 Kxh7 29.Qh3+ Kg8
30.Qh6  1-0

[Event "EuTChw"]
[Site "Leon ESP"]
[Date "2001.11.06"]
[Round "1"]
[White "Krivec,J"]
[Black "Velcheva,M"]
[Result "1/2-1/2"]
[WhiteElo "2249"]
[BlackElo "2331"]

1.e4 c5 2.Nf3 e6 3.d4 cxd4 4.Nxd4 Nc6 5.Nc3 Qc7 6.g3 a6 7.Bg2 Nf6 8.O-O Bc5
9.Nb3 Ba7 10.Bf4 Ne5 11.Nc1 d6 12.Nd3 h6 13.Qe2 Bd4 14.Nd1 Bd7 15.Be3 Bxe3
16.Nxe3 Rc8 17.f4 Nc4 18.Nxc4 Qxc4 19.Rf2 Bc6 20.b3 Qd4 21.Re1 O-O 22.e5 dxe5
23.Nxe5 Bxg2 24.Kxg2 Rc3 25.Rd1 Qc5 26.Rd3 Rc8 27.Rxc3 Qxc3 28.a4 Nd5 29.Nc4 b5
30.axb5 axb5 31.Rf3 Qd4 32.Ne5 Nc3 33.Qd3 Qd5 34.Qxd5 exd5 35.Nd3 f5 36.Nb4 Kf7
37.Rd3 Ke6 38.Kf3 g5 39.h3 Rc5 40.Na6 Rc6 41.Nb4 Rc5 42.Na6 Rc6 43.Nb4 Rc5  1/2-1/2

[Event "EuTCh"]
[Site "Leon ESP"]
[Date "2001.11.06"]
[Round "1"]
[White "Nedev,T"]
[Black "Malakhatko,V"]
[Result "1/2-1/2"]
[WhiteElo "2514"]
[BlackElo "2555"]

1.e4 c5 2.Nf3 e6 3.Nc3 Nc6 4.d4 cxd4 5.Nxd4 Nf6 6.Nxc6 bxc6 7.e5 Nd5 8.Ne4 Bb7
9.c4 Nb4 10.c5 Ba6 11.Bxa6 Nxa6 12.Qd4 Rb8 13.Bd2 Be7 14.Rd1 O-O 15.Bc3 Rb7
16.O-O f5 17.exf6 Bxf6 18.Nxf6+ gxf6 19.Rd3 Qe7 20.Rfd1 Nxc5 21.Bb4 d6 22.Rg3+ Kh8
23.Ba3 Rfb8 24.Rf3 e5 25.Qxd6 Qxd6 26.Rxd6 Ne4 27.Rxc6 Rd8 28.g3 Kg7 29.Re3 Rd4
30.b3 Rbd7 31.Kg2 h5 32.h4 a5 33.Ra6 R7d5 34.Ra7+ Kg6 35.Bf8 Nd2 36.Rg7+ Kf5
37.Rc7 e4 38.Rc6 Kg6 39.Re2 Rf5 40.Rd6 Rfd5 41.Rc6 Rf5 42.Ba3 Nf3 43.Rc1 Rfd5
44.Bc5 Rd2 45.Rxe4 Ne5 46.Rc3 Rxa2 47.Rd4 Rxd4 48.Bxd4 Ng4 49.Rc5 a4 50.bxa4 Rxa4
51.Bb2 Rb4 52.Bc3 Ra4 53.Rd5 Ra2 54.Rd2 Rxd2 55.Bxd2 f5 56.Bc3 f4 57.gxf4 Nh6
58.Ba5 Nf5 59.Bd8 Nd4 60.f3 Kf5 61.Kf2 Kxf4  1/2-1/2

[Event "EuTCh"]
[Site "Leon ESP"]
[Date "2001.11.06"]
[Round "1"]
[White "Kolev,At"]
[Black "Baumegger,S"]
[Result "1/2-1/2"]
[WhiteElo "2571"]
[BlackElo "2395"]

1.e4 c5 2.Nf3 e6 3.d4 cxd4 4.Nxd4 Nc6 5.Nc3 Qc7 6.Be3 a6 7.Bd3 b5 8.Nxc6 Qxc6
9.O-O Nf6 10.a3 Bb7 11.Re1 e5 12.Qf3 Bc5 13.Qg3 O-O 14.Nd5 Kh8 15.Rad1 Bxe3
16.Rxe3 Qd6 17.Qg5 Bxd5 18.exd5 Rae8 19.Be2 e4 20.Qg3 Re5 21.b3 Rfe8 22.b4 Qb6
23.c4 bxc4 24.Bxc4 d6 25.Bb3 h5 26.h3 g5 27.Kh1 h4 28.Qh2 Rf5 29.Qg1 Ree5
30.Qe1 g4 31.Rc1 Kg7 32.Rc6 Qd4 33.Rxd6 Qb2 34.Bd1 gxh3 35.gxh3 Rxf2 36.Re2 Rxe2
37.Qxe2 Qxe2 38.Bxe2 Nxd5 39.Bxa6 e3 40.Kg1 Nf4 41.Rd1 e2 42.Re1 Re3 43.Kf2 Rxa3
44.Bxe2 Nxh3+ 45.Kf1 Rb3 46.Bc4 Rf3+ 47.Kg2 Rg3+ 48.Kh2 Ng5 49.Rd1 Ra3 50.b5 Ra4
51.Rg1 f6 52.Bd5 Rb4 53.Bc6 Kg6 54.Rf1 Rb2+ 55.Kh1 Rb3 56.Bd7 Kf7 57.Rf4 h3  1/2-1/2

[Event "VI It"]
[Site "Montecatini Terme ITA"]
[Date "2001.11.06"]
[Round "4"]
[White "Inkiov,V"]
[Black "Drei,A"]
[Result "1-0"]
[WhiteElo "2500"]
[BlackElo "2250"]

1.e4 c5 2.Nf3 Nc6 3.d4 cxd4 4.Nxd4 e6 5.Nc3 Qc7 6.g3 a6 7.Bg2 Nf6 8.O-O Bc5
9.Nxc6 dxc6 10.e5 Qxe5 11.Bf4 Qd4 12.Qe2 Nd7 13.Rad1 Qb4 14.Ne4 Be7 15.c3 Qb5
16.c4 Qf5 17.Nd6+ Bxd6 18.Bxd6 h5 19.h3 Nf6 20.b4 Bd7 21.a4 Rd8 22.Rd4 e5
23.f4 e4 24.Be5 c5 25.Rd6 Bxa4 26.Rxd8+ Kxd8 27.Qa2 Qd7 28.Ra1 b5 29.bxc5 Qd3
30.Qb2 Qe3+ 31.Kh1 Ng4 32.Bxg7 Nf2+ 33.Kh2 h4 34.Qf6+ Kc8 35.Qc6+ Kb8 36.Be5+ Ka7
37.Qb6+  1-0

[Event "EuTChw"]
[Site "Leon ESP"]
[Date "2001.11.07"]
[Round "2"]
[White "Ambrosi,E"]
[Black "Velcheva,M"]
[Result "0-1"]
[WhiteElo "2095"]
[BlackElo "2331"]

1.e4 c5 2.Nf3 e6 3.d4 cxd4 4.Nxd4 Nc6 5.Nc3 Qc7 6.g3 a6 7.Bg2 Nf6 8.O-O Bc5
9.Nb3 Ba7 10.Bf4 Ne5 11.Qd2 d6 12.Rad1 Bb8 13.Bg5 Nc4 14.Qc1 Nd7 15.a4 h6
16.Be3 Nxe3 17.Qxe3 Ne5 18.Kh1 Ba7 19.Qc1 Bd7 20.Rd2 Rc8 21.Kg1 O-O 22.Rfd1 Nc4
23.Rd3 b5 24.a5 b4 25.Na2 Bb5 26.Nxb4 Nxa5 27.Rc3 Qb6 28.Nxa5 Qxa5 29.Rxc8 Rxc8
30.c3 Qb6 31.Rd2 Qc5 32.Qa1 Qg5 33.Rxd6 Bxf2+ 34.Kh1 Bxg3 35.hxg3 Qh5+ 36.Kg1 Qc5+
37.Rd4 e5 38.Bh3 exd4 39.Bxc8 dxc3+ 40.Kg2 Qxb4 41.bxc3 Qxe4+ 42.Kf2 Qc2+
43.Kf3 Qe2+ 44.Kf4 Qc4+  0-1

[Event "VII Sreiber Mem"]
[Site "Subotica YUG"]
[Date "2001.11.07"]
[Round "3"]
[White "Pap,M"]
[Black "Andonov,B"]
[Result "1/2-1/2"]
[WhiteElo "2422"]
[BlackElo "2412"]

1.e4 c5 2.Nf3 Nc6 3.d4 cxd4 4.Nxd4 e6 5.Nc3 Qc7 6.Be3 Nf6 7.Bd3 a6 8.O-O Nxd4
9.Bxd4 Bc5 10.Be2 d6 11.Kh1 e5 12.Bxc5 Qxc5 13.Qd2 Be6 14.Rad1 Ke7 15.f4 exf4
16.Nd5+ Bxd5 17.exd5 Qe3 18.Qb4 Rhd8 19.Rf3 Qe5 20.Qxb7+ Kf8 21.Bc4 Ne4 22.Qb6 Rab8
23.Qa5 Re8 24.Rdf1 Rxb2 25.Rxf4 Nf6 26.Bd3 Reb8 27.Rf5 Qd4 28.Qxa6 Qc5 29.a4 Rb1
30.Qc6 Rxf1+ 31.Bxf1 Rc8 32.Qxc5 Rxc5 33.Bd3 Rc3 34.Kg1 Nd7 35.Rf1 Ra3 36.Bb5 Nc5
37.Re1 g6 38.Re8+ Kg7 39.Rd8 Ra2 40.Rxd6 Ra1+ 41.Bf1 Ne4 42.Ra6 Nd2 43.Kf2 Nxf1
44.h3 h5 45.a5 Nd2 46.Ra8 Nc4 47.Rc8 Nxa5 48.c4 Rd1 49.Rc5 Nb3 50.Rc6 Rd2+
51.Kf3 Nd4+ 52.Ke3 Nxc6 53.Kxd2 Ne5 54.Kc3 Kf8 55.Kd4 f6 56.c5 Ke7 57.Kc3 Kd7
58.Kd4 h4 59.Ke4 Kc7 60.Kd4 Nd7 61.Kc4 Ne5+ 62.Kd4 Kd7 63.Ke4 Nc4 64.Kd3 Ne5+
65.Ke4 Nf7 66.Kf3 Ng5+ 67.Kf4 Kc7 68.Ke3 f5 69.Kd3 Ne4 70.Kd4 Kd7 71.Ke5 Nxc5
72.Kf6 Kd6 73.Kxg6 Ke5 74.Kg5 Ne4+ 75.Kxh4 Kxd5 76.Kh5 Ke5 77.Kg6 f4 78.h4 Nf2
79.Kg5 Ne4+ 80.Kg6  1/2-1/2

[Event "EuTCh"]
[Site "Leon ESP"]
[Date "2001.11.09"]
[Round "4"]
[White "Petrov,M"]
[Black "Nedev,T"]
[Result "1-0"]
[WhiteElo "2451"]
[BlackElo "2514"]

1.e4 c5 2.Nf3 Nc6 3.Nc3 e6 4.d4 cxd4 5.Nxd4 Nf6 6.a3 Be7 7.f4 O-O 8.Nf3 d5
9.e5 Ne4 10.Bd3 Nxc3 11.bxc3 Qb6 12.Qe2 f6 13.h4 f5 14.Ng5 Bd7 15.g4 Bc5
16.gxf5 exf5 17.a4 Na5 18.Qf3 Bc6 19.Qh5 h6 20.Qg6 hxg5 21.hxg5 Be8 22.Qh7+ Kf7
23.Rh6 Nc6 24.a5 Qc7 25.Qxf5+ Ke7 26.Qe6+ Kd8 27.Qxd5+ Qd7 28.Qxc5 gxh6 29.Qxf8 hxg5
30.Ba3 gxf4 31.Qxf4 Qf7  1-0

[Event "EuTCh"]
[Site "Leon ESP"]
[Date "2001.11.11"]
[Round "6"]
[White "Azarov,S"]
[Black "Banikas,H"]
[Result "1-0"]
[WhiteElo "2490"]
[BlackElo "2526"]

1.e4 c5 2.Nf3 e6 3.d4 cxd4 4.Nxd4 Nc6 5.Nc3 Qc7 6.Be2 a6 7.O-O Nf6 8.Be3 Bb4
9.Na4 Be7 10.Nxc6 bxc6 11.Nb6 Rb8 12.Nxc8 Qxc8 13.Bd4 c5 14.Be5 Rb6 15.b3 Nxe4
16.Bxg7 Rg8 17.Be5 Bd6 18.Bg3 Nxg3 19.fxg3 Be5 20.Rb1 Ke7 21.Bd3 Rg5 22.Qf3 Qg8
23.Rbe1 Qg7 24.Kh1 Rd6 25.Re4 f5 26.Rh4 Rd4 27.Rxd4 cxd4 28.Re1 a5 29.Bb5 d6
30.Qa8 Kf6 31.Qxa5 Qe7 32.Qa8 Rh5 33.Qf3 Rh6 34.a4 Qg7 35.Kg1 Qg5 36.Bd3 Rh5
37.a5 d5 38.a6 Bb8 39.h3 Ba7 40.g4 Qd2 41.Kf1  1-0

[Event "EuTCh"]
[Site "Leon ESP"]
[Date "2001.11.11"]
[Round "6"]
[White "Lutz,C"]
[Black "Andersson,U"]
[Result "1/2-1/2"]
[WhiteElo "2643"]
[BlackElo "2601"]

1.e4 c5 2.Nf3 e6 3.d4 cxd4 4.Nxd4 Nc6 5.Nc3 a6 6.Be2 Qc7 7.O-O Nf6 8.Be3 Bb4
9.Na4 Be7 10.Nxc6 bxc6 11.Nb6 Rb8 12.Nxc8 Qxc8 13.Bd4 d5 14.Qd3 a5 15.Be5 Nxe4
16.Bxg7 Rg8 17.Be5 Bd6 18.Bxd6 Nxd6 19.b3 Ne4 20.c4 Qd8 21.Bf3 Ng5 22.g3 Nxf3+
23.Qxf3 Kf8 24.Rac1 Rg6 25.cxd5 cxd5 26.Qc3 Kg8 27.Rfd1 Rg4 28.Qf3 Rgb4 29.Rd3 a4
30.Rcc3 axb3 31.axb3 Qg5 32.Rc7 Qg6 33.Kg2 Rf8 34.Rd7 Qe4 35.Qxe4 dxe4 36.Rc3 Kg7
37.Rc4  1/2-1/2

[Event "ch-NR"]
[Site "Novosibirsk RUS"]
[Date "2001.11.13"]
[Round "1"]
[White "Botvinkov,A"]
[Black "Chigvintsev,A"]
[Result "0-1"]
[WhiteElo "2222"]
[BlackElo "2377"]

1.e4 c5 2.Nf3 Nc6 3.d4 cxd4 4.Nxd4 e6 5.Nc3 Qc7 6.Be3 a6 7.Bd3 b5 8.O-O Bb7
9.Kh1 Nf6 10.a3 Ne5 11.f4 Nc4 12.Bxc4 Qxc4 13.e5 Nd5 14.Nxd5 Qxd5 15.Qe2 Rc8
16.Rad1 Qc4 17.Qf2 g6 18.Rd2 Be7 19.b3 Qc7 20.b4 Bd5 21.f5 gxf5 22.Nxf5 exf5
23.Rxd5 Qxc2 24.Qg3 Rc6 25.Rfd1 Rg6 26.Qf3 O-O 27.Rxd7 Re8 28.Qd5 Re6 29.h3 Qc3
30.Bd4 Qxa3 31.Bc5 Bg5 32.Qb7 Qg3 33.Rxf7 Bf4 34.Bg1 Rh6 35.Rd2 Bxd2 36.Qd5 Rhe6  0-1

[Event "ch-NR"]
[Site "Novosibirsk RUS"]
[Date "2001.11.15"]
[Round "3"]
[White "Popov,Ro2"]
[Black "Chigvintsev,A"]
[Result "1/2-1/2"]
[WhiteElo "2335"]
[BlackElo "2377"]

1.e4 c5 2.Nc3 Nc6 3.Nge2 e6 4.d4 cxd4 5.Nxd4 Qc7 6.Be3 a6 7.Bd3 b5 8.Nxc6 dxc6
9.O-O Bd6 10.f4 e5 11.f5 Nf6 12.a4 b4 13.Nb1 Bb7 14.Nd2 c5 15.Nc4 Rd8 16.Qf3 Qc6
17.Bg5 Bc7 18.b3 Rd4 19.Bxf6 Qxf6 20.Rae1 O-O 21.Qg3 Rfd8 22.Ne3 h5 23.Nc4 Kf8
24.Rf3 Ke7 25.h4 Rh8 26.Qg5 Rh7 27.Kf2 Kd7 28.Qxf6 gxf6 29.Rg3 Rh8 30.Rg7 Ke8
31.Ke3 Bd6 32.Nxd6+ Rxd6 33.Bc4 Rd7 34.a5 Rf8 35.Bd3 Rh8 36.Rg3 Rd4 37.Rg1 Ke7
38.Rh3 Bc6 39.g4 hxg4 40.Rxg4 Bb5 41.h5 c4 42.bxc4 Bxc4 43.Kd2 Rhd8 44.h6 b3
45.Kc3 bxc2 46.Bxc2 Bf1 47.Rhg3 Rc8+ 48.Kb2 Rd2 49.Rc3 Rxc3 50.Kxc3 Rh2 51.Rg7 Rxh6
52.Bb3 Kd6 53.Kb4 Bd3 54.Bd5 Bxe4 55.Bxe4 Rh4 56.Rxf7 Rxe4+ 57.Kc3 Kc5 58.Rxf6  1/2-1/2

[Event "TCh-FIN 2001-02"]
[Site "FIN"]
[Date "2001.11.18"]
[Round "5"]
[White "Rytshagov,M"]
[Black "Agopov,M"]
[Result "1-0"]
[WhiteElo "2513"]
[BlackElo "2400"]

1.e4 c5 2.Nf3 Nc6 3.d4 cxd4 4.Nxd4 e6 5.Nc3 Qc7 6.Be3 a6 7.Qd2 b5 8.O-O-O Bb7
9.Nxc6 Bxc6 10.Nd5 Qb7 11.Be2 Ne7 12.Bf3 d6 13.Rhe1 exd5 14.exd5 Bd7 15.Qa5 f6
16.Bf4 Kf7 17.Bxd6 Ng6 18.Bg3 Bc5 19.d6 Bc6 20.Qc3 Bxf3 21.gxf3 Qa7 22.Qb3+ Kf8
23.d7 Rd8 24.Qe6 Qa8 25.Bc7 Be7 26.f4  1-0

[Event "ch-NR"]
[Site "Novosibirsk RUS"]
[Date "2001.11.19"]
[Round "7"]
[White "Polovnikov,G"]
[Black "Chigvintsev,A"]
[Result "0-1"]
[WhiteElo "2199"]
[BlackElo "2377"]

1.e4 c5 2.Nf3 Nc6 3.d4 cxd4 4.Nxd4 e6 5.Nc3 Qc7 6.g3 a6 7.Bg2 Nf6 8.O-O d6
9.Re1 Bd7 10.Nxc6 bxc6 11.Na4 h5 12.Bg5 Qa5 13.Bxf6 gxf6 14.c4 h4 15.c5 dxc5
16.e5 f5 17.Rc1 Rb8 18.b3 Rb4 19.a3 Rd4 20.Qc2 hxg3 21.hxg3 f4 22.Rcd1 fxg3
23.fxg3 Rxd1 24.Rxd1 c4 25.Qxc4 Qxe5 26.Qd3 Bc5+ 27.Nxc5 Qxc5+ 28.Qd4 Qxd4+
29.Rxd4 Ke7 30.Ra4 Rb8 31.b4 c5 32.Rxa6 cxb4 33.axb4 Rxb4 34.Ra7 Rb3 35.Kf2 Rb2+
36.Kf1 Kd6 37.Ra6+ Ke5 38.Ra7 Bb5+ 39.Kg1 f5 40.Ra1 Kf6 41.Rc1 e5 42.Bf1 Bxf1
43.Kxf1 Kg5 44.Rc5 e4 45.Rc8 Kg4 46.Rc3 Rd2 47.Rc8 Kxg3 48.Ke1 e3 49.Rg8+ Kf3
50.Rh8 f4 51.Rh3+ Ke4 52.Rh8 Ra2 53.Kd1 Ra1+  0-1

[Event "ch-NR"]
[Site "Novosibirsk RUS"]
[Date "2001.11.21"]
[Round "9"]
[White "Bibko,I"]
[Black "Maletin,P"]
[Result "0-1"]
[WhiteElo "2238"]
[BlackElo "2296"]

1.e4 c5 2.Nf3 e6 3.d4 cxd4 4.Nxd4 Nc6 5.Nc3 Qc7 6.Be3 a6 7.f4 b5 8.Nb3 d6
9.Bd3 Nf6 10.O-O Be7 11.Qf3 Bb7 12.g4 h6 13.a4 b4 14.Ne2 d5 15.e5 Ne4 16.Bxe4 dxe4
17.Qf2 O-O 18.Rad1 f6 19.exf6 Rxf6 20.Ng3 Ne5 21.Qe2 Nf3+ 22.Kh1 Bd5 23.Rxd5 exd5
24.Nf5 Rxf5 25.gxf5 Bf6 26.Rd1 Qc4 27.Qxc4 dxc4 28.Nd4 Bxd4 29.Bxd4 Rd8 30.c3 e3  0-1

[Event "Bundesliga 2001-2"]
[Site "Erfurt GER"]
[Date "2001.11.24"]
[Round "3"]
[White "Golubev,M"]
[Black "Bischoff,K"]
[Result "1/2-1/2"]
[WhiteElo "2530"]
[BlackElo "2541"]

1.e4 c5 2.Nf3 Nc6 3.d4 cxd4 4.Nxd4 e6 5.Nc3 d6 6.Be3 a6 7.Bc4 Bd7 8.a4 Rc8
9.Ba2 Nxd4 10.Bxd4 Qa5 11.O-O Ne7 12.f4 Nc6 13.Kh1 Nxd4 14.Qxd4 Qc5 15.Qd3 Be7
16.f5 Bf6 17.fxe6 Bxe6 18.Nd5 Bxb2 19.Rab1 Qxc2 20.Qf3 Bxd5 21.Bxd5  1/2-1/2

[Event "Bundesliga 2001-2"]
[Site "Hamburg GER"]
[Date "2001.11.24"]
[Round "3"]
[White "Sebastian,D"]
[Black "Heissler,J"]
[Result "1/2-1/2"]
[WhiteElo "2361"]
[BlackElo "2437"]

1.e4 c5 2.Nc3 e6 3.Nf3 Nc6 4.d4 cxd4 5.Nxd4 Qc7 6.Be2 a6 7.O-O Nf6 8.Be3 Bb4
9.Na4 Be7 10.Nxc6 bxc6 11.Nb6 Rb8 12.Nxc8 Qxc8 13.Bd4 c5 14.Be5 Rb6 15.Qd3 O-O
16.b3 d6 17.Bc3 Nd7 18.Qg3 Bf6 19.Bxf6 Nxf6 20.e5 dxe5 21.Qxe5 Rd8 22.Rad1 Rd5
23.Qg3 h6 24.Bf3 Rg5 25.Qf4 e5 26.Qd2 Qe6 27.g3 e4 28.Bg2 Rd5 29.Qe3 Rbd6
30.Rxd5 Qxd5 31.Re1 Re6 32.h3 Qd6 33.Kh2 h5 34.Qg5 Qd4 35.Re2 Re5 36.Qe3 Qd6
37.Rd2 Rd5 38.Rxd5 Qxd5 39.f3 exf3 40.Bxf3 Qd6 41.Qf4 Qe7 42.Bg2 Qe1 43.Qf5 Qc3
44.Qc8+ Kh7 45.Qxa6 Qxc2 46.Qc4 Qxa2 47.Qxf7 Qf2 48.Qe6 Qd4 49.Qf5+ Kh6 50.Qe6 Kg6
51.Qe7 Qc3 52.Qe6 Kh6 53.Qf5 Qe3 54.Qc2 Qe5 55.Qc4 g5 56.Kh1 Qxg3 57.Qxc5 Qxb3
58.Qf5 Qc3 59.Qe6 Qd4 60.Qc6 Qf4 61.Qe6 Kg6 62.Qc6 Qe5 63.Qb7 g4 64.hxg4 Kg5
65.Qf3 hxg4 66.Qd3 Qe1+ 67.Qf1 Qe3 68.Qg1 Qf4 69.Qf1 Qc7 70.Qe2 Nh5 71.Qe3+ Kh4
72.Qe1+ g3 73.Qe4+ Nf4 74.Qc6 Qe5 75.Qf3 Qe1+ 76.Qf1 Qd2 77.Qf3 Qxg2+  1/2-1/2

[Event "Bundesliga 2001-2"]
[Site "Heiligenhaus GER"]
[Date "2001.11.25"]
[Round "4"]
[White "Landa,K"]
[Black "Lutz,C"]
[Result "1/2-1/2"]
[WhiteElo "2619"]
[BlackElo "2643"]

1.e4 c5 2.Nf3 e6 3.d4 cxd4 4.Nxd4 Nc6 5.Nc3 Qc7 6.Be2 a6 7.O-O Nf6 8.Be3 Be7
9.f4 d6 10.Qe1 O-O 11.Qg3 Nxd4 12.Bxd4 b5 13.a3 Bb7 14.Rae1 Bc6 15.Bd3 Rae8
16.e5 dxe5 17.Bxe5 Qb6+ 18.Kh1 g6 19.Qh3 Nd7 20.Qh6 Bf6 21.Bxf6 Nxf6 22.Qg5 Qd8
23.Re3 Nd5 24.Qxd8 Rxd8 25.Nxd5 Bxd5  1/2-1/2

[Event "FIDE WCh Women KO"]
[Site "Moscow RUS"]
[Date "2001.11.27"]
[Round "1.1"]
[White "Groberman,E"]
[Black "Ioseliani,N"]
[Result "0-1"]
[WhiteElo "2103"]
[BlackElo "2497"]

1.e4 c5 2.Nf3 e6 3.d4 cxd4 4.Nxd4 Nc6 5.Nc3 Qc7 6.g3 a6 7.Bg2 Nf6 8.O-O d6
9.Re1 Be7 10.Nxc6 bxc6 11.e5 dxe5 12.Rxe5 O-O 13.Re1 Rd8 14.Qf3 Nd5 15.Ne4 e5
16.a3 f5 17.Nd2 e4 18.Qe2 a5 19.c4 Ba6 20.Bxe4 fxe4 21.Qxe4 Bf6 22.cxd5 cxd5
23.Qe6+ Kf8 24.Nf3 Bc8 25.Qe2 Ba6 26.Qe6 Re8 27.Bf4 Rxe6 28.Bxc7 Rxe1+ 29.Rxe1 Bxb2
30.Bxa5 Rc8 31.Bb4+ Kg8 32.Kg2 d4 33.Nd2 d3 34.Re7 Bf6 35.Re1 Rc2 36.Rd1 Bb7+
37.f3 Bd4 38.Kf1 h5 39.h4 Be3 40.Ne4 Rh2 41.Be1 Bxe4 42.fxe4 d2 43.Bxd2 Rxd2
44.Rb1 Kf7 45.Rb7+ Kf6 46.Rb5 g6 47.a4 Rf2+ 48.Ke1 Ra2 49.a5 Bd2+ 50.Ke2 Bxa5+
51.Kf3 Ra3+ 52.Kf2 Bc7 53.Rg5 Be5 54.Kg2 Re3 55.g4 Rg3+ 56.Kf2 Rxg4  0-1

[Event "Admiralteiskii Women"]
[Site "St Petersburg RUS"]
[Date "2001.12.03"]
[Round "1"]
[White "Sudakova,I"]
[Black "Melamed,T"]
[Result "1-0"]
[WhiteElo "2341"]
[BlackElo "2291"]

1.e4 c5 2.Nf3 e6 3.d4 cxd4 4.Nxd4 Nc6 5.Nc3 Qc7 6.Be3 a6 7.Qd2 Nf6 8.f3 Ne5
9.Bf4 d6 10.O-O-O Bd7 11.g4 h6 12.h4 O-O-O 13.Rg1 Nc4 14.Bxc4 Qxc4 15.Nb3 d5
16.Bg3 Bc6 17.Qe3 Bb4 18.Rd4 Bc5 19.Qf4 e5 20.Qf5+ Bd7 21.Qxe5  1-0

[Event "ch-ROM w"]
[Site "Targoviste ROM"]
[Date "2001.12.03"]
[Round "9"]
[White "Ciobanu,C"]
[Black "Apostoaie,Li"]
[Result "1-0"]
[WhiteElo "2239"]
[BlackElo "2167"]

1.e4 c5 2.Nc3 Nc6 3.Nge2 e6 4.d4 cxd4 5.Nxd4 Qb6 6.Ndb5 Bc5 7.Qd2 Qd8 8.Qf4 Nb4
9.Qe5 Be7 10.Qxg7 Bf6 11.Nd6+ Ke7 12.Qxf7+ Kxd6 13.Bf4+ Kc6 14.O-O-O Be7
15.Qh5 b6 16.a3 Na6 17.Qb5+ Kb7 18.Qxa6+  1-0

[Event "Friendship GM"]
[Site "Prerove CZE"]
[Date "2001.12.04"]
[Round "1"]
[White "Gross,Dav CZE"]
[Black "Neverov,V"]
[Result "0-1"]
[WhiteElo "2469"]
[BlackElo "2569"]

1.e4 c5 2.Nf3 e6 3.d4 cxd4 4.Nxd4 Nc6 5.Nc3 Qc7 6.f4 a6 7.Nxc6 Qxc6 8.Bd3 b5
9.Qe2 Bb7 10.Bd2 Be7 11.a3 Rc8 12.O-O Nf6 13.Rae1 O-O 14.Rf3 d5 15.exd5 Bc5+
16.Be3 exd5 17.Bxc5 Qxc5+ 18.Qf2 d4 19.Re5 Qc7 20.Ne4 Bxe4 21.Bxe4 Nxe4 22.Rxe4 Qxc2
23.Qxc2 Rxc2 24.Rf2 Rc1+ 25.Rf1 Rc4 26.Rd1 d3 27.Re3 Rxf4 28.Rexd3 h5 29.g3 Rf5
30.Rd6 Rc8 31.Rd8+ Rxd8 32.Rxd8+ Kh7 33.Ra8 Rf6 34.Kg2 Kg6 35.Ra7 Kf5 36.Re7 g5
37.h3 Kg6 38.Ra7 g4 39.hxg4 hxg4 40.b3 Kf5 41.Re7 Kg5 42.Ra7 Kg6 43.a4 Rc6
44.a5 f6 45.b4 Kf5 46.Re7 Rc2+ 47.Kf1 Rb2 48.Ra7 Rxb4 49.Rxa6 Ra4 50.Kf2 Ra2+
51.Ke3 Rg2 52.Rb6 Rxg3+ 53.Kf2 Rb3 54.a6 Kg6 55.Rb8 Ra3 56.Rb6 Ra5 57.Kg3 Kg5
58.Rb8 Ra3+ 59.Kf2 Rxa6 60.Rxb5+ f5 61.Rb8 Ra2+ 62.Kf1 f4 63.Rg8+ Kh4 64.Rb8 Kg3
65.Rb1 f3  0-1

[Event "ch-GER"]
[Site "Altenkirchen GER"]
[Date "2001.12.05"]
[Round "6"]
[White "Mueller,Ka"]
[Black "Lutz,C"]
[Result "0-1"]
[WhiteElo "2506"]
[BlackElo "2643"]

1.e4 c5 2.Nf3 e6 3.Nc3 Nc6 4.d4 cxd4 5.Nxd4 Qc7 6.Be3 a6 7.Bd3 Nf6 8.Nxc6 bxc6
9.O-O Be7 10.f4 d5 11.e5 Nd7 12.Qg4 g6 13.Bf2 Rb8 14.b3 Nc5 15.Bh4 Bxh4 16.Qxh4 Qe7
17.Qf2 a5 18.Kh1 Rb4 19.Nd1 Ba6 20.Bxa6 Nxa6 21.a3 Rb5 22.Nc3 Rb8 23.Na4 O-O
24.Qd2 Nc5 25.Qxa5 Rb5 26.Qc3 Nxa4 27.bxa4 Rc5 28.Qb4 Qa7 29.Qd4 Qa5 30.Qb4 Ra8
31.Rf2 Rc4 32.Qb7 Qa7 33.Qxa7 Rxa7 34.g4 Kg7 35.Rb1 Rcxa4 36.f5 Rxg4 37.f6+ Kh6
38.Rb3 g5 39.Re2 Kg6 40.Rc3 Ra6 41.h3 Rga4 42.Rb3 Rxa3 43.Rb8 Ra8 44.Rb6 Rxh3+
45.Kg2 Rc3 46.Rf2 Re3  0-1

[Event "FSGMA December"]
[Site "Budapest HUN"]
[Date "2001.12.05"]
[Round "5"]
[White "Felgaer,R"]
[Black "Horvath,Jo"]
[Result "1/2-1/2"]
[WhiteElo "2467"]
[BlackElo "2551"]

1.e4 c5 2.Nf3 e6 3.d4 cxd4 4.Nxd4 Nc6 5.Nc3 Qc7 6.g3 a6 7.Bg2 Nf6 8.O-O d6
9.Re1 Rb8 10.Nxc6 bxc6 11.e5 dxe5 12.Rxe5 Bd6 13.Re1 O-O 14.b3 c5 15.Ne4  1/2-1/2

[Event "FSIMA December"]
[Site "Budapest HUN"]
[Date "2001.12.05"]
[Round "5"]
[White "Erdelyi,Z"]
[Black "Musanti,D"]
[Result "0-1"]
[WhiteElo "2242"]
[BlackElo "2293"]

1.e4 c5 2.Nf3 e6 3.d4 cxd4 4.Nxd4 Nc6 5.Nc3 d6 6.Be2 Be7 7.O-O Nf6 8.Kh1 O-O
9.f4 a6 10.Be3 Qc7 11.Qe1 Nxd4 12.Bxd4 b5 13.e5 dxe5 14.fxe5 Nd7 15.Ne4 Bb7
16.Nf6+ Bxf6 17.exf6 Qxc2 18.fxg7 Rfe8 19.Qf2 Qg6 20.Rad1 e5 21.Be3 Nf6 22.Bf3 e4
23.Be2 Nd5 24.a4 Re5 25.axb5 axb5 26.Ra1 Rxa1 27.Rxa1 Nxe3 28.Qxe3 Kxg7 29.Qc3 Qg5
30.Bxb5 e3 31.Bc6 Bxc6 32.Qxc6 e2 33.Qc3 Qf6 34.Kg1 Qb6+ 35.Kh1 Qf6 36.Kg1 Qb6+
37.Kh1 f6 38.Re1 Rf5 39.Qg3+ Kf7 40.h3 Rf1+  0-1

[Event "FSGMA December"]
[Site "Budapest HUN"]
[Date "2001.12.07"]
[Round "7"]
[White "Bakre,T"]
[Black "Horvath,Jo"]
[Result "1/2-1/2"]
[WhiteElo "2446"]
[BlackElo "2551"]

1.e4 c5 2.Nf3 e6 3.d4 cxd4 4.Nxd4 Nc6 5.Nc3 Qc7 6.g3 a6 7.Bg2 Nf6 8.O-O Be7
9.Re1 O-O 10.Nxc6 dxc6 11.e5 Rd8 12.Qe2 Nd5 13.Nxd5 cxd5 14.c3 Bd7  1/2-1/2

[Event "Open"]
[Site "Rijeka CRO"]
[Date "2001.12.07"]
[Round "7"]
[White "Palac,M"]
[Black "Bistric,F"]
[Result "1/2-1/2"]
[WhiteElo "2572"]
[BlackElo "2446"]

1.e4 c5 2.Nf3 e6 3.d4 cxd4 4.Nxd4 Nc6 5.Nc3 Qc7 6.Be2 Nf6 7.O-O a6 8.Be3 Be7
9.f4 d6 10.a4 O-O 11.Kh1 e5 12.Nxc6 bxc6 13.fxe5 dxe5 14.a5 Be6 15.Bb6 Qb7
16.Bd3 Rfc8 17.Qe2 Bg4 18.Qe3 Be6 19.Qe2 Bg4  1/2-1/2